UBT Library

Contrarian Investment Strategy (Record no. 57478)

000 -LEADER
fixed length control field 00327nam a22001457a 4500
008 - FIXED-LENGTH DATA ELEMENTS--GENERAL INFORMATION
fixed length control field 210519b ||||| |||| 00| 0 eng d
020 ## - INTERNATIONAL STANDARD BOOK NUMBER
International Standard Book Number 0394423909
041 ## - LANGUAGE CODE
Language code of text/sound track or separate title eng
080 ## - UNIVERSAL DECIMAL CLASSIFICATION NUMBER
Universal Decimal Classification number 330.322
082 ## - DEWEY DECIMAL CLASSIFICATION NUMBER
Classification number 330.322
100 ## - Rafti
Rafti 62
101 ## - Shkurtesa
Shkurtesa INV
245 ## - TITLE STATEMENT
Title Contrarian Investment Strategy
Statement of responsibility, etc David Dreman
942 ## - ADDED ENTRY ELEMENTS (KOHA)
Source of classification or shelving scheme
Item type Books
Holdings
Withdrawn status Lost status Source of classification or shelving scheme Damaged status Not for loan Collection code Permanent location Current location Shelving location Date acquired Total Checkouts Full call number Barcode Date last seen Price effective from Koha item type
          Koleksioni i përgjithshem UBT - Lipjan UBT - Lipjan Koleksioni i përgjithshem 05/19/2021   330.322 DRE 002-5000884 05/19/2021 05/19/2021 Books
UBT Library © 2015-2024. All rights reserved University Education for Business and Technology